00468 2200193 4500001002100000005001500021035002000036245003700056100001800093300002600111260003200137082000800169084001400177020002200191600001000213990001700223990001700240990001700257INLIS00000000000149520260604071406 a0010-06260000061 aCinta Suci Nadia /cRachma Fadil0 aFadil, Rachma a308 hlm ;c13 X 19 cm aYogyakarta :bAraska,c2023 a813 a813 FAD c a978-623-7537-68-7 4aNovel a4864/PP/2026 a4865/PP/2026 a4866/PP/2026